| 000 | 01347namaa22002411 4500 | ||
|---|---|---|---|
| 001 | 173959 | ||
| 003 | ES-MaACL | ||
| 005 | 20250713080257.0 | ||
| 008 | 100203s1896 sp r |||| | spa d | ||
| 100 | 1 |
_aFernández-Shaw, Carlos, _d1865-1911 _950098 |
|
| 245 | 1 | 3 |
_aEl cortejo de la Irene _b: zarzuela en un acto dividido en cuatro cuadros y un intermedio : en prosa y verso / _coriginal de Carlos fernández Shaw ; música del maestro Ruperto Chapí. |
| 260 |
_aMadrid : _bAdministración Lírico-Dramática, _c1896 ( _fR. Velasco, imp.) |
||
| 300 |
_a59 p., 1 h. ; _c19 cm. |
||
| 500 | _aEn port.: Estrenada en el teatro Eslava la noche del 6 de febrero de 1896. | ||
| 500 | _aDedicatoria del autor del libreto al maestro Chapí. | ||
| 500 | _aAdvertencia del autor para la representación de la obra en los teatros de provincia. | ||
| 500 | _aAl final, reconocimiento y agradecimiento al director y a los artistas que han representado la obra. | ||
| 500 | _aSolo la letra. | ||
| 520 | 8 | _aLa acción transcurre en aranjuez durante los días 18 y 19 de mayo de 1808. | |
| 700 | 1 |
_aChapí, Ruperto, _d1851-1909 _938014 |
|
| 852 |
_aES-MaACL _jF-8635(2) _z.- Enc. pasta española _q.- Falto de la cub. original _z.- Enc. en un vol. facticio formando parte de la col. facticia "Teatro español moderno", vol. 90 |
||
| 999 |
_c173959 _d173959 |
||